Statistics for NFL Nicknames

Click here to take the quiz!

General Stats

  • This quiz has been taken 1,133 times
  • The average score is 14 of 20

Answer Stats

HintAnswer% Correct
J.J. SwattJ.J. Watt
91%
Tebow TimeTim Tebow
89%
MegatronCalvin Johnson
88%
Mr. RodgersAaron Rodgers
85%
GronkRob Gronkowski
85%
APAdrian Peterson
83%
RG3Robert Griffin III
82%
Ocho CincoChad Johnson
79%
Prime TimeDeion Sanders
77%
T.O.Terrell Owens
77%
BusJerome Bettis
74%
Broadway JoeJoe Namath
72%
Big BenBen Roethlisberger
71%
FitzLarry Fitzgerald
71%
Joe CoolJoe Montana
68%
JPPJason Pierre-Paul
58%
SupermanCam Newton
50%
JuiceO.J. Simpson
36%
LTLaDainian Tomlinson
32%
EdgeEdgerrin James
18%

Score Distribution

Percentile by Number Answered

Percent of People with Each Score

Your Score History

You have not taken this quiz